000 01046nmm a2200313 a 4500
001 ocm0002347977
003 TR-IsHL
005 20201028185249.0
008 190905s2017 tu tur
007 cr cn
020 _a9786052022030
035 _a2347977
_b(N$T)
050 0 4 _aPG3327.T8
_bI4 2017
090 0 4 _aPG3327.T8
_bI4 2017
100 1 _aDostoyevski, Fyodor Mihayloviç
245 1 0 _aKumarbaz
_h[electronic resource] /
_cFyodor Mihayloviç Dostoyevski ; çeviren Soner Tursun ; editör Nurgül Dere
250 _a1. Baskı
260 _aİstanbul :
_bİlgi Kültür Sanat Yayıncılık,
_c2017
300 _a231 p.
500 _aÖzgn adı: Igrok
650 4 _aDil ve Edebiyat
650 4 _aLanguage and Literature
650 0 _aRus romanı
650 0 _aRussian fiction
650 7 _aLITERARY COLLECTIONS / Russian & Former Soviet Union
_2bisacsh
700 1 _aTursun, Soner
700 1 _aDere, Nurgül
856 4 0 _uhttp://search.ebscohost.com/login.aspx?direct=true&scope=site&db=e011xww&AN=2347977
999 _c21385
_d21385